[Event "SWE-chB"]
[Site "Sunne"]
[Date "2015.07.16"]
[Round "6.2"]
[White "Andersson, Tommy"]
[Black "Wiedenkeller, Michael"]
[Result "1/2-1/2"]
[WhiteElo "2387"]
[BlackElo "2461"]
[PlyCount "28"]
[EventDate "2015.07.11"]
[EventType "tourn"]
[EventRounds "9"]
[EventCountry "SWE"]
[EventCategory "3"]
[SourceTitle "CBM 167 Extra"]
[Source "ChessBase"]
[SourceDate "2015.09.14"]
[SourceVersion "1"]
[SourceVersionDate "2015.09.14"]
[SourceQuality "1"]
1. d4 Nf6 2. c4 e6 3. Nf3 d5 4. Nc3 Bb4 5. e3 O-O 6. a3 Bxc3+ 7. bxc3 c5 8. Bd3
dxc4 9. Bxc4 Qc7 10. Be2 b6 11. O-O cxd4 12. cxd4 Ba6 13. Bxa6 Nxa6 14. Qa4 Qb7
1/2-1/2

[Event "SWE-chB"]
[Site "Sunne"]
[Date "2015.07.16"]
[Round "6.4"]
[White "Rydstrom, Tom"]
[Black "Lundin, Jan"]
[Result "1-0"]
[WhiteElo "2346"]
[BlackElo "2245"]
[PlyCount "135"]
[EventDate "2015.07.11"]
[EventType "tourn"]
[EventRounds "9"]
[EventCountry "SWE"]
[EventCategory "3"]
[SourceTitle "CBM 167 Extra"]
[Source "ChessBase"]
[SourceDate "2015.09.14"]
[SourceVersion "1"]
[SourceVersionDate "2015.09.14"]
[SourceQuality "1"]
1. e4 c6 2. Ne2 d5 3. e5 c5 4. c3 Nc6 5. d4 e6 6. Be3 Bd7 7. dxc5 Nxe5 8. Nd4
Nf6 9. b4 b6 10. cxb6 axb6 11. Nd2 Bd6 12. Be2 O-O 13. a4 Qc7 14. Ra3 Ng6 15.
Nb5 Bxb5 16. Bxb5 Rfd8 17. Rb3 Be5 18. Bd4 Nh4 19. g3 Nf5 20. Nf3 Nxd4 21. cxd4
Bd6 22. O-O Ne4 23. Qa1 Rdc8 24. Kg2 h6 25. Qb2 Qc2 26. Ra1 Rc3 27. Rb1 Rc7 28.
Qxc2 Rxc2 29. R1b2 Rc1 30. Nd2 Nc3 31. Bc6 Ra7 32. Bb5 Nxb5 33. axb5 Ra4 34.
Kf3 e5 35. Ke3 e4 36. Nb1 Be7 37. Rc3 Bg5+ 38. Ke2 Rh1 39. Rc8+ Kh7 40. h4 Bf6
41. Nc3 Raa1 42. Ke3 Ra3 43. Rc6 Rd1 44. Ke2 Rxd4 45. Nd1 Rxd1 46. Rxf6 gxf6
47. Kxd1 d4 48. Rc2 Ra1+ 49. Kd2 Rf1 50. Rc4 Rxf2+ 51. Ke1 Rf5 52. Rxd4 Rxb5
53. Kf2 Re5 54. Ke3 Kg6 55. Rxe4 Kf5 56. g4+ Ke6 57. Kd4 Rxe4+ 58. Kxe4 Kd6 59.
Kf5 Ke7 60. b5 Ke8 61. Kxf6 Kf8 62. h5 Kg8 63. g5 hxg5 64. Kxg5 Kg7 65. h6+ Kg8
66. Kf6 Kh7 67. Kxf7 Kxh6 68. Ke6 1-0

[Event "SWE-chB"]
[Site "Sunne"]
[Date "2015.07.16"]
[Round "6.1"]
[White "Lindgren, Philip"]
[Black "Olund, Joar"]
[Result "1/2-1/2"]
[WhiteElo "2413"]
[BlackElo "2328"]
[PlyCount "170"]
[EventDate "2015.07.11"]
[EventType "tourn"]
[EventRounds "9"]
[EventCountry "SWE"]
[EventCategory "3"]
[SourceTitle "CBM 167 Extra"]
[Source "ChessBase"]
[SourceDate "2015.09.14"]
[SourceVersion "1"]
[SourceVersionDate "2015.09.14"]
[SourceQuality "1"]
1. d4 g6 2. c4 Bg7 3. Nf3 d6 4. Nc3 Bg4 5. d5 Nf6 6. e4 O-O 7. Be2 c6 8. Be3
Nbd7 9. O-O cxd5 10. cxd5 Bxf3 11. Bxf3 a6 12. Be2 Rc8 13. Rc1 b5 14. f3 Qa5
15. a4 Rb8 16. axb5 axb5 17. Ra1 Qb4 18. Ra3 Ne8 19. Rb3 Qa5 20. Ra3 Qd8 21.
Nxb5 Bxb2 22. Ra2 Bf6 23. Na7 Ra8 24. Nc6 Qc8 25. Qc2 Ne5 26. Na7 Qxc2 27. Rxc2
Nd7 28. Nc6 Ne5 29. Rb1 Nxc6 30. dxc6 Nc7 31. Bc4 Rfc8 32. Rb7 Ne6 33. Bxe6
fxe6 34. Kf1 Kf7 35. Ke2 d5 36. Ba7 Be5 37. g3 Rc7 38. Bd4 Rxc6 39. Rxc6 Bxd4
40. Rcc7 Re8 41. Rd7 Bf6 42. exd5 exd5 43. Rxd5 h5 44. h4 Ra8 45. f4 Ra4 46.
Rb3 Kg7 47. Kf3 Kf7 48. Rdb5 Kg7 49. R5b4 Ra5 50. Re4 Kf7 51. Ree3 Kg7 52. Ra3
Rb5 53. Reb3 Rc5 54. Ra4 Kf7 55. Kg2 Kg7 56. Kh3 Kf7 57. Rba3 Rb5 58. Ra5 Rb4
59. Rf3 Rc4 60. f5 g5 61. hxg5 Bxg5 62. f6 Bxf6 63. Rxh5 Kg6 64. Ra5 Rb4 65.
Rf4 Rb3 66. Kg4 Rc3 67. Re4 Rb3 68. Kf4 Rb6 69. g4 Rc6 70. Rea4 Rc1 71. Ra3
Rc4+ 72. Kg3 Rc1 73. Rf3 Rc6 74. Kh3 Rc1 75. Rg3 Bg5 76. Ra6+ Kg7 77. Rf3 Bf6
78. Ra5 Kg6 79. Rg3 Bg5 80. Rb5 Bf4 81. Rd3 e5 82. Rb6+ Kg5 83. Rdd6 Rc3+ 84.
Kg2 Kxg4 85. Rb2 Rg3+ 1/2-1/2

[Event "SWE-chB"]
[Site "Sunne"]
[Date "2015.07.16"]
[Round "6.5"]
[White "Arman, Deniz"]
[Black "Ziegler, Ari"]
[Result "1-0"]
[WhiteElo "2306"]
[BlackElo "2289"]
[PlyCount "97"]
[EventDate "2015.07.11"]
[EventType "tourn"]
[EventRounds "9"]
[EventCountry "SWE"]
[EventCategory "3"]
[SourceTitle "CBM 167 Extra"]
[Source "ChessBase"]
[SourceDate "2015.09.14"]
[SourceVersion "1"]
[SourceVersionDate "2015.09.14"]
[SourceQuality "1"]
1. e4 e6 2. Qe2 Be7 3. Nf3 d5 4. e5 c5 5. d3 Nc6 6. g3 b5 7. h4 b4 8. Bg2 Ba6
9. c4 bxc3 10. bxc3 Qa5 11. O-O Rb8 12. a4 Nh6 13. Bf4 O-O 14. Rc1 Rb3 15. Bxh6
gxh6 16. Nh2 Qc7 17. Re1 Kh8 18. Ng4 h5 19. Nh6 Kg7 20. Qxh5 Bxd3 21. Ng4 Kh8
22. Nd2 Rxc3 23. Nf3 Bg6 24. Qh6 Rxf3 25. Bxf3 Nd4 26. Bg2 Qd8 27. Rad1 Rg8 28.
Qf4 Bh5 29. Nh6 Rg7 30. g4 Bg6 31. g5 Qa5 32. Kh2 Qc7 33. Rc1 Qd8 34. Bh3 Nc6
35. Bg4 Nb4 36. Red1 a5 37. Qg3 Qb8 38. f4 c4 39. h5 Be4 40. Bf3 Bd3 41. Bg2
Qb6 42. Bf1 Be4 43. Bxc4 dxc4 44. Rxc4 Bc6 45. Qg1 Qa6 46. Qc5 Rg8 47. Qxe7 Nd5
48. Rxd5 exd5 49. Qf6+ 1-0

[Event "SWE-chB"]
[Site "Sunne"]
[Date "2015.07.16"]
[Round "6.3"]
[White "Frisk, Ellinor"]
[Black "Lind, Jan Olov"]
[Result "0-1"]
[WhiteElo "2232"]
[BlackElo "2249"]
[PlyCount "156"]
[EventDate "2015.07.11"]
[EventType "tourn"]
[EventRounds "9"]
[EventCountry "SWE"]
[EventCategory "3"]
[SourceTitle "CBM 167 Extra"]
[Source "ChessBase"]
[SourceDate "2015.09.14"]
[SourceVersion "1"]
[SourceVersionDate "2015.09.14"]
[SourceQuality "1"]
1. d4 g6 2. e4 Bg7 3. Nc3 c5 4. d5 d6 5. Bb5+ Nd7 6. a4 Ngf6 7. Nf3 O-O 8. O-O
Ne8 9. Bf4 a6 10. Be2 Rb8 11. a5 b5 12. axb6 Rxb6 13. Ra2 Rb4 14. Qd2 Nc7 15.
Re1 Nb5 16. Nxb5 axb5 17. c3 Rxe4 18. Bxb5 Rxe1+ 19. Qxe1 Nb6 20. Qd2 Nxd5 21.
Bg5 Nc7 22. Be2 Be6 23. Ra3 Re8 24. h4 h5 25. Bd3 Bd5 26. Qe2 Qb8 27. Nh2 Qb7
28. f3 e5 29. Nf1 Bc6 30. Bc1 Ne6 31. Bc2 d5 32. Qa6 Qc7 33. Qa5 Qe7 34. Qb6
Ba8 35. Ra7 Qxh4 36. Qa6 Qd8 37. Ba4 Rf8 38. Rd7 Qb8 39. Bc2 Qc8 40. Qa7 Bc6
41. Rd6 Rd8 42. Rxd8+ Qxd8 43. b4 cxb4 44. cxb4 e4 45. Qa6 Nd4 46. Bd1 exf3 47.
gxf3 Bb5 48. Qa2 Bc4 49. Qf2 Nc6 50. Qe1 Qb6+ 51. Kg2 Bf8 52. Qe8 Nd4 53. Bd2
Bxf1+ 54. Kxf1 Qa6+ 55. Ke1 Qd3 56. Bh6 Qc3+ 57. Bd2 Nxf3+ 58. Bxf3 Qxf3 59. b5
Qe4+ 60. Qxe4 dxe4 61. Bf4 Bb4+ 62. Ke2 Ba5 63. Be3 f5 64. b6 f4 65. b7 Bc7 66.
Ba7 Kf7 67. b8=Q Bxb8 68. Bxb8 g5 69. Kf2 Ke6 70. Bc7 Kf5 71. Bd8 h4 72. Kg2
Kg4 73. Kh2 e3 74. Be7 f3 75. Bc5 f2 76. Kg2 h3+ 77. Kf1 Kf3 78. Bxe3 h2 0-1

[Event "SWE-chB"]
[Site "Sunne"]
[Date "2015.07.15"]
[Round "5.2"]
[White "Lind, Jan Olov"]
[Black "Olund, Joar"]
[Result "0-1"]
[WhiteElo "2249"]
[BlackElo "2328"]
[PlyCount "80"]
[EventDate "2015.07.11"]
[EventType "tourn"]
[EventRounds "9"]
[EventCountry "SWE"]
[EventCategory "3"]
[SourceTitle "CBM 167 Extra"]
[Source "ChessBase"]
[SourceDate "2015.09.14"]
[SourceVersion "1"]
[SourceVersionDate "2015.09.14"]
[SourceQuality "1"]
1. e4 c6 2. d3 d5 3. Nd2 e5 4. Ngf3 Bd6 5. g3 Nf6 6. Bg2 O-O 7. O-O Re8 8. Re1
Bg4 9. h3 Bh5 10. a3 a5 11. b3 Nbd7 12. Bb2 b5 13. Qb1 Qb6 14. Re2 a4 15. b4
dxe4 16. Nxe4 Nxe4 17. Rxe4 Nf6 18. Rxe5 Bxf3 19. Rxe8+ Rxe8 20. Bxf3 Bxg3 21.
Qf1 Be5 22. Bxe5 Rxe5 23. Re1 Rg5+ 24. Kh1 h6 25. Qe2 c5 26. Qe3 Qd6 27. c3
cxb4 28. cxb4 Rf5 29. Bg2 Rh5 30. Kg1 Rh4 31. Rd1 Rd4 32. Qg3 Qd7 33. Kh1 Nh5
34. Qb8+ Kh7 35. Qe5 Rh4 36. d4 Nf4 37. d5 Nxg2 38. f3 Nf4 39. Qe4+ Kg8 40. Kg1
Nxh3+ 0-1

[Event "SWE-chB"]
[Site "Sunne"]
[Date "2015.07.15"]
[Round "5.1"]
[White "Andersson, Tommy"]
[Black "Lindgren, Philip"]
[Result "0-1"]
[WhiteElo "2387"]
[BlackElo "2413"]
[PlyCount "92"]
[EventDate "2015.07.11"]
[EventType "tourn"]
[EventRounds "9"]
[EventCountry "SWE"]
[EventCategory "3"]
[SourceTitle "CBM 167 Extra"]
[Source "ChessBase"]
[SourceDate "2015.09.14"]
[SourceVersion "1"]
[SourceVersionDate "2015.09.14"]
[SourceQuality "1"]
1. d4 Nf6 2. c4 e6 3. Nf3 d5 4. Nc3 c6 5. cxd5 exd5 6. Bg5 Be7 7. Qc2 g6 8. e3
Bf5 9. Bd3 Bxd3 10. Qxd3 O-O 11. O-O Nbd7 12. Ne5 Nxe5 13. dxe5 Nd7 14. Bf4 Re8
15. Bg3 Bb4 16. f4 Nc5 17. Qd4 Qb6 18. Rab1 Ne6 19. Qd3 Qa5 20. f5 Nc5 21. Qd4
gxf5 22. Rxf5 Re6 23. Qg4+ Rg6 24. Qh4 Ne6 25. Rbf1 Rf8 26. Bf4 Bxc3 27. bxc3
Qxa2 28. g3 Ng7 29. Rf6 Qc4 30. Qh3 Qxc3 31. Rxg6 hxg6 32. Qd7 d4 33. e4 d3 34.
Rf2 Qe1+ 35. Rf1 Qxe4 36. Qxb7 Nf5 37. Qxa7 Qd5 38. Rd1 c5 39. e6 Qxe6 40. Qxc5
Qe2 41. Rd2 Qe1+ 42. Kg2 Qe4+ 43. Kh3 Nd4 44. Rf2 Re8 45. Bg5 Nf3 46. Qb5 Ng1#
0-1

[Event "SWE-chB"]
[Site "Sunne"]
[Date "2015.07.15"]
[Round "5.3"]
[White "Wiedenkeller, Michael"]
[Black "Rydstrom, Tom"]
[Result "1/2-1/2"]
[WhiteElo "2461"]
[BlackElo "2346"]
[PlyCount "55"]
[EventDate "2015.07.11"]
[EventType "tourn"]
[EventRounds "9"]
[EventCountry "SWE"]
[EventCategory "3"]
[SourceTitle "CBM 167 Extra"]
[Source "ChessBase"]
[SourceDate "2015.09.14"]
[SourceVersion "1"]
[SourceVersionDate "2015.09.14"]
[SourceQuality "1"]
1. c4 e6 2. d4 d5 3. Nc3 Be7 4. Nf3 Nf6 5. Bg5 Nbd7 6. e3 c6 7. Bd3 O-O 8. O-O
h6 9. Bh4 dxc4 10. Bxc4 b5 11. Bd3 a6 12. Bxf6 Nxf6 13. Ne4 Nd7 14. Rc1 Bb7 15.
Qc2 c5 16. dxc5 Nxc5 17. Nxc5 Bxc5 18. Bh7+ Kh8 19. Be4 Bxe4 20. Qxe4 Rc8 21.
g3 Qe7 22. Ne5 Bd6 23. Nc6 Qb7 24. Rfd1 Be5 25. Qxe5 Rxc6 26. Rxc6 Qxc6 27. Qd6
Rc8 28. Qxc6 1/2-1/2

[Event "SWE-chB"]
[Site "Sunne"]
[Date "2015.07.15"]
[Round "5.5"]
[White "Lundin, Jan"]
[Black "Arman, Deniz"]
[Result "1/2-1/2"]
[WhiteElo "2245"]
[BlackElo "2306"]
[PlyCount "148"]
[EventDate "2015.07.11"]
[EventType "tourn"]
[EventRounds "9"]
[EventCountry "SWE"]
[EventCategory "3"]
[SourceTitle "CBM 167 Extra"]
[Source "ChessBase"]
[SourceDate "2015.09.14"]
[SourceVersion "1"]
[SourceVersionDate "2015.09.14"]
[SourceQuality "1"]
1. d4 Nf6 2. c4 g6 3. Nc3 d5 4. cxd5 Nxd5 5. g3 Bg7 6. Bg2 Nb6 7. e3 O-O 8.
Nge2 Na6 9. O-O c6 10. b3 Nb4 11. Bb2 a5 12. Rb1 e5 13. dxe5 Qe7 14. Qd6 Qxe5
15. Qxe5 Bxe5 16. Na4 Bc7 17. a3 Nxa4 18. bxa4 Nd3 19. Bd4 Re8 20. Rfd1 Ne5 21.
Nc3 Bg4 22. Ne4 Bxd1 23. Nf6+ Kf8 24. Nxe8 Kxe8 25. Rxd1 Nc4 26. Rb1 Nd6 27. e4
Kd8 28. Bc5 Kc8 29. Rd1 Nc4 30. Bh3+ Kb8 31. Rd7 b6 32. Bd4 Nxa3 33. Rxf7 Nc2
34. Bf6 Ne1 35. Kf1 Nf3 36. Ke2 Ng1+ 37. Kf1 Nxh3 38. Rxh7 b5 39. e5 Nxf2 40.
Kxf2 Kb7 41. e6 Kb6 42. Bd4+ c5 43. Bxc5+ Kxc5 44. Rxc7+ Kd6 45. Rb7 bxa4 46.
e7 Re8 47. Ra7 Rxe7 48. Rxa5 Re4 49. Kf3 Rc4 50. h4 Kc7 51. g4 Kb6 52. Ra8 Kb7
53. Ra5 Kb6 54. Ra8 Kb5 55. Rb8+ Kc5 56. Ra8 Kb4 57. Kg3 a3 58. h5 Rc3+ 59. Kh4
gxh5 60. Rb8+ Kc4 61. Kxh5 Rh3+ 62. Kg6 a2 63. Ra8 Kb3 64. g5 Rh1 65. Rxa2 Kxa2
66. Kf7 Rf1+ 67. Ke7 Rg1 68. Kf6 Kb3 69. g6 Kc4 70. g7 Kd5 71. Kf7 Rf1+ 72. Ke7
Rg1 73. Kf7 Rxg7+ 74. Kxg7 Ke5 1/2-1/2

[Event "SWE-chB"]
[Site "Sunne"]
[Date "2015.07.15"]
[Round "5.4"]
[White "Ziegler, Ari"]
[Black "Frisk, Ellinor"]
[Result "1/2-1/2"]
[WhiteElo "2289"]
[BlackElo "2232"]
[PlyCount "127"]
[EventDate "2015.07.11"]
[EventType "tourn"]
[EventRounds "9"]
[EventCountry "SWE"]
[EventCategory "3"]
[SourceTitle "CBM 167 Extra"]
[Source "ChessBase"]
[SourceDate "2015.09.14"]
[SourceVersion "1"]
[SourceVersionDate "2015.09.14"]
[SourceQuality "1"]
1. e4 c5 2. Nf3 Nc6 3. Bb5 g6 4. Bxc6 dxc6 5. d3 Bg7 6. Nc3 Bg4 7. h3 Bxf3 8.
Qxf3 e5 9. Qg3 Ne7 10. h4 h5 11. Bg5 Qd7 12. a3 Qe6 13. O-O O-O 14. Qe3 Qd6 15.
Rfb1 Nc8 16. b4 cxb4 17. axb4 Nb6 18. Ra5 Kh7 19. Qg3 Nd7 20. Be3 Qb8 21. Qh3
Rd8 22. Bg5 f6 23. Be3 Nf8 24. b5 cxb5 25. Raxb5 b6 26. Nd5 Qd6 27. Qf3 Kg8 28.
c4 Rac8 29. Kh2 Nd7 30. Ra1 Ra8 31. Rg1 f5 32. Bg5 Bf6 33. Nxf6+ Nxf6 34. Kh1
Kg7 35. exf5 Qxd3 36. Rxe5 Qxf3 37. gxf3 Re8 38. Bf4 a5 39. Rb5 Nd7 40. Rxg6+
Kf7 41. Rd5 Ra7 42. Rh6 Rg8 43. Bg5 a4 44. Rhd6 Nf8 45. Rf6+ Kg7 46. Rxb6 a3
47. Bf6+ Kf7 48. Ba1 Re7 49. Rf6+ Ke8 50. Re5 Rxe5 51. Bxe5 Nd7 52. Re6+ Kf7
53. Bd4 Rc8 54. Rd6 Ke7 55. Re6+ Kf7 56. Rd6 Ke7 57. c5 Nxc5 58. Rh6 Nb3 59.
Be5 a2 60. Rh7+ Ke8 61. f6 Rc1+ 62. Kg2 a1=Q 63. Bxa1 Rxa1 64. Rxh5 1/2-1/2

[Event "SWE-chB"]
[Site "Sunne"]
[Date "2015.07.14"]
[Round "4.2"]
[White "Rydstrom, Tom"]
[Black "Andersson, Tommy"]
[Result "1-0"]
[WhiteElo "2346"]
[BlackElo "2387"]
[PlyCount "83"]
[EventDate "2015.07.11"]
[EventType "tourn"]
[EventRounds "9"]
[EventCountry "SWE"]
[EventCategory "3"]
[SourceTitle "CBM 167 Extra"]
[Source "ChessBase"]
[SourceDate "2015.09.14"]
[SourceVersion "1"]
[SourceVersionDate "2015.09.14"]
[SourceQuality "1"]
1. e4 c5 2. Nf3 d6 3. d4 cxd4 4. Nxd4 Nf6 5. Nc3 a6 6. Bg5 Nbd7 7. Qe2 e6 8. f4
Qc7 9. O-O-O Be7 10. g4 b5 11. a3 Bb7 12. Bg2 O-O 13. h4 Nb6 14. Rh3 Rfd8 15.
h5 Rac8 16. Bh4 Qc4 17. g5 Qxe2 18. Ndxe2 Nfd7 19. g6 Bxh4 20. gxf7+ Kxf7 21.
Rxh4 Nc4 22. Bh3 Nf6 23. h6 g6 24. Nd4 Re8 25. Nf3 Ke7 26. Ng5 Nxa3 27. Bxe6
Rc5 28. bxa3 Rxc3 29. e5 Ne4 30. exd6+ Nxd6 31. Re1 Kd8 32. Nxh7 Nc4 33. Rd1+
Kc7 34. Bxc4 Rxc4 35. Ng5 Re2 36. Rd2 Re1+ 37. Kb2 b4 38. h7 bxa3+ 39. Ka2 Re3
40. h8=Q Bd5 41. Rxd5 Rxc2+ 42. Kb1 1-0

[Event "SWE-chB"]
[Site "Sunne"]
[Date "2015.07.14"]
[Round "4.4"]
[White "Arman, Deniz"]
[Black "Wiedenkeller, Michael"]
[Result "0-1"]
[WhiteElo "2306"]
[BlackElo "2461"]
[PlyCount "96"]
[EventDate "2015.07.11"]
[EventType "tourn"]
[EventRounds "9"]
[EventCountry "SWE"]
[EventCategory "3"]
[SourceTitle "CBM 167 Extra"]
[Source "ChessBase"]
[SourceDate "2015.09.14"]
[SourceVersion "1"]
[SourceVersionDate "2015.09.14"]
[SourceQuality "1"]
1. e4 e5 2. Nf3 Nc6 3. Bc4 Bc5 4. c3 Nf6 5. b4 Bb6 6. d3 d6 7. a4 a5 8. b5 Ne7
9. O-O Ng6 10. Nbd2 O-O 11. Ba3 Re8 12. Ng5 Re7 13. Qb3 Qe8 14. Rae1 h6 15.
Ngf3 Bg4 16. h3 Be6 17. d4 exd4 18. e5 dxc3 19. Qxc3 Nd5 20. Bxd5 Bxd5 21. exd6
cxd6 22. Bxd6 Re2 23. Bg3 Rxe1 24. Rxe1 Qd7 25. Nc4 Bxc4 26. Qxc4 Rc8 27. Qb3
Qf5 28. Rd1 Nf4 29. Kh1 Ne2 30. Qd5 Nxg3+ 31. fxg3 Qxd5 32. Rxd5 Bf2 33. Kh2
Rc4 34. b6 Rxa4 35. Rd8+ Kh7 36. Rd7 Rb4 37. Rxb7 Bxb6 38. Rxf7 a4 39. Rf4 Rxf4
40. gxf4 a3 41. Ne1 a2 42. Nc2 Bc7 43. g3 h5 44. h4 Kg6 45. Kg2 Bb6 46. Kf3 Kf5
47. Ke2 Ke4 48. Kd2 Bd4 0-1

[Event "SWE-chB"]
[Site "Sunne"]
[Date "2015.07.14"]
[Round "4.1"]
[White "Lindgren, Philip"]
[Black "Lind, Jan Olov"]
[Result "1-0"]
[WhiteElo "2413"]
[BlackElo "2249"]
[PlyCount "119"]
[EventDate "2015.07.11"]
[EventType "tourn"]
[EventRounds "9"]
[EventCountry "SWE"]
[EventCategory "3"]
[SourceTitle "CBM 167 Extra"]
[Source "ChessBase"]
[SourceDate "2015.09.14"]
[SourceVersion "1"]
[SourceVersionDate "2015.09.14"]
[SourceQuality "1"]
1. d4 Nf6 2. c4 g6 3. Nf3 Bg7 4. Nc3 O-O 5. Bg5 h6 6. Bh4 c5 7. d5 d6 8. e3 a6
9. a4 e5 10. Nd2 Qe8 11. e4 Nh5 12. f3 b6 13. a5 Nd7 14. Qa4 Rb8 15. Nb3 bxa5
16. Qa3 f5 17. Nxa5 Ndf6 18. Nc6 Rb7 19. Bxf6 Nxf6 20. Bd3 g5 21. O-O-O fxe4
22. Nxe4 Nxe4 23. Bxe4 g4 24. Qd3 Qf7 25. fxg4 Qf4+ 26. Kb1 Qxg4 27. h3 Qh4 28.
Rhf1 Rf2 29. Rxf2 Qxf2 30. Rd2 Qf6 31. Ka2 Bf8 32. Re2 Rg7 33. Re3 Qh4 34. Rf3
Rf7 35. g4 Rxf3 36. Qxf3 Qg5 37. Bc2 Bg7 38. Qe4 Kf8 39. b3 Bd7 40. Nb8 Bc8 41.
Nc6 Bd7 42. Qg6 Qxg6 43. Bxg6 Bf6 44. Nb8 Bc8 45. Kb1 Kg7 46. Be8 e4 47. Kc2
Bd4 48. Nc6 Kf6 49. Na7 Bb7 50. Bc6 Kg5 51. Kd1 Kf4 52. Ke2 Kg3 53. Bxb7 Kxh3
54. Bc8 Kh4 55. Be6 h5 56. gxh5 Kxh5 57. Nc8 Be5 58. Ke3 Kg5 59. Kxe4 Kf6 60.
Na7 1-0

[Event "SWE-chB"]
[Site "Sunne"]
[Date "2015.07.14"]
[Round "4.5"]
[White "Frisk, Ellinor"]
[Black "Lundin, Jan"]
[Result "1-0"]
[WhiteElo "2232"]
[BlackElo "2245"]
[PlyCount "113"]
[EventDate "2015.07.11"]
[EventType "tourn"]
[EventRounds "9"]
[EventCountry "SWE"]
[EventCategory "3"]
[SourceTitle "CBM 167 Extra"]
[Source "ChessBase"]
[SourceDate "2015.09.14"]
[SourceVersion "1"]
[SourceVersionDate "2015.09.14"]
[SourceQuality "1"]
1. d4 d5 2. c4 c6 3. Nc3 Nf6 4. e3 a6 5. Nf3 b5 6. b3 Bg4 7. Bd2 e6 8. h3 Bxf3
9. Qxf3 Be7 10. Bd3 O-O 11. O-O Nbd7 12. Rad1 Qc7 13. e4 e5 14. exd5 exd4 15.
Bf4 Bd6 16. Bxd6 Qxd6 17. Ne4 Nxe4 18. Qxe4 Nf6 19. Qxd4 cxd5 20. cxd5 Rad8 21.
Be4 Nxe4 22. Qxe4 Rfe8 23. Qf3 g6 24. Rd2 Qb4 25. Rfd1 Qd6 26. Re2 Re5 27. Rxe5
Qxe5 28. Qd3 Rd6 29. g3 h5 30. h4 Kf8 31. Kg2 Kg8 32. Rd2 Kf8 33. a4 bxa4 34.
bxa4 Qa1 35. Qc4 Qe5 36. Rd4 Kg7 37. Rd1 Kf6 38. Qd3 Kg7 39. Kf1 Kf6 40. Kg2
Kg7 41. a5 Kf6 42. f4 Qb2+ 43. Kf3 Kg7 44. Qd4+ Qxd4 45. Rxd4 Rd8 46. Ke4 Kf6
47. Rb4 Re8+ 48. Kd4 Kf5 49. Rb6 Kg4 50. Rb3 Kf5 51. d6 Rc8 52. Kd5 Rc1 53. Re3
Rc2 54. d7 Rd2+ 55. Kc6 Kg4 56. Kc7 Rc2+ 57. Kd6 1-0

[Event "SWE-chB"]
[Site "Sunne"]
[Date "2015.07.14"]
[Round "4.3"]
[White "Olund, Joar"]
[Black "Ziegler, Ari"]
[Result "1/2-1/2"]
[WhiteElo "2328"]
[BlackElo "2289"]
[PlyCount "71"]
[EventDate "2015.07.11"]
[EventType "tourn"]
[EventRounds "9"]
[EventCountry "SWE"]
[EventCategory "3"]
[SourceTitle "CBM 167 Extra"]
[Source "ChessBase"]
[SourceDate "2015.09.14"]
[SourceVersion "1"]
[SourceVersionDate "2015.09.14"]
[SourceQuality "1"]
1. d4 e6 2. Nf3 Nf6 3. g3 c5 4. Bg2 Nc6 5. c4 cxd4 6. Nxd4 Qb6 7. Nc2 d5 8. O-O
dxc4 9. Nca3 Qa6 10. Nc3 Bxa3 11. bxa3 O-O 12. Bb2 e5 13. Qa4 Qxa4 14. Nxa4 Re8
15. Rfd1 e4 16. Rac1 Bg4 17. Bxf6 gxf6 18. Nc3 Kg7 19. Bxe4 Rxe4 20. Nxe4 Bxe2
21. Rd2 Bf3 22. Nd6 b5 23. Nxb5 Ne5 24. Nd4 Rb8 25. Rdc2 Be4 26. Re2 Bd3 27.
Re3 Rb2 28. h3 Rxa2 29. f4 Nd7 30. Nb5 Nc5 31. Nd6 Nb3 32. Rxc4 Ra1+ 33. Kg2
Ra2+ 34. Kg1 Ra1+ 35. Kg2 Ra2+ 36. Kg1 1/2-1/2

[Event "SWE-chB"]
[Site "Sunne"]
[Date "2015.07.13"]
[Round "3"]
[White "Andersson, Tommy"]
[Black "Arman, Deniz"]
[Result "0-1"]
[WhiteElo "2387"]
[BlackElo "2306"]
[PlyCount "122"]
[EventDate "2015.07.11"]
[EventType "tourn"]
[EventRounds "9"]
[EventCountry "SWE"]
[EventCategory "3"]
[SourceTitle "CBM 167 Extra"]
[Source "ChessBase"]
[SourceDate "2015.09.14"]
[SourceVersion "1"]
[SourceVersionDate "2015.09.14"]
[SourceQuality "1"]
1. d4 Nf6 2. c4 c5 3. d5 b5 4. cxb5 a6 5. f3 e6 6. e4 c4 7. Bxc4 axb5 8. Bb3
Bc5 9. Nh3 Qb6 10. Nc3 b4 11. Na4 Rxa4 12. Bxa4 exd5 13. e5 O-O 14. Bc2 Re8 15.
Kf1 Rxe5 16. Bd3 d6 17. Bf4 Nc6 18. Bxe5 dxe5 19. Rc1 Bb7 20. Rxc5 Qxc5 21. Nf2
e4 22. Qc2 Qe3 23. fxe4 dxe4 24. Bc4 Nd4 25. Qd1 h5 26. Rg1 Nf5 27. g4 hxg4 28.
Nxg4 Qh3+ 29. Ke1 Qh4+ 30. Kd2 Qg5+ 31. Ke1 Nxg4 32. Rxg4 Qe3+ 33. Kf1 Qb6 34.
Bxf7+ Kxf7 35. Qd7+ Kf6 36. Rf4 g6 37. Qd2 Ke5 38. Ke1 Qg1+ 39. Rf1 Qc5 40.
Qf4+ Ke6 41. Qg5 Qe3+ 42. Qxe3 Nxe3 43. Rf8 Bd5 44. Ke2 Nf5 45. b3 Ke5 46. Rb8
Nd4+ 47. Ke3 g5 48. Rb6 g4 49. Rb8 Nf5+ 50. Ke2 Nd4+ 51. Ke3 Bc6 52. Kd2 Nf3+
53. Ke3 Nxh2 54. Kf2 Nf3 55. Rxb4 Kf4 56. a4 g3+ 57. Kg2 Nh4+ 58. Kg1 Bd7 59.
Kf1 Bh3+ 60. Ke2 g2 61. Kf2 Nf3 0-1

[Event "SWE-chB"]
[Site "Sunne"]
[Date "2015.07.13"]
[Round "3"]
[White "Rydstrom, Tom"]
[Black "Lindgren, Philip"]
[Result "1/2-1/2"]
[WhiteElo "2346"]
[BlackElo "2413"]
[PlyCount "138"]
[EventDate "2015.07.11"]
[EventType "tourn"]
[EventRounds "9"]
[EventCountry "SWE"]
[EventCategory "3"]
[SourceTitle "CBM 167 Extra"]
[Source "ChessBase"]
[SourceDate "2015.09.14"]
[SourceVersion "1"]
[SourceVersionDate "2015.09.14"]
[SourceQuality "1"]
1. e4 c5 2. Nf3 d6 3. d4 cxd4 4. Nxd4 Nf6 5. Nc3 a6 6. Bg5 Nbd7 7. Qe2 h6 8.
Bh4 e5 9. Nf5 g6 10. Ne3 Be7 11. O-O-O b5 12. a3 Bb7 13. f3 Rc8 14. g4 Rxc3 15.
bxc3 Qa5 16. Qe1 O-O 17. Kd2 Rc8 18. Bd3 Qxc3+ 19. Ke2 Qxa3 20. Ra1 Qc5 21. Bf2
Qc6 22. Kf1 Nc5 23. h4 Ne6 24. Kg1 Nf4 25. Rd1 Bd8 26. Qd2 Bb6 27. h5 Kg7 28.
hxg6 fxg6 29. Bf1 Bd4 30. c4 Qb6 31. cxb5 axb5 32. Ng2 Bxf2+ 33. Qxf2 Qxf2+ 34.
Kxf2 Rc2+ 35. Kg3 d5 36. Nxf4 exf4+ 37. Kxf4 dxe4 38. fxe4 g5+ 39. Ke3 Bxe4 40.
Rg1 b4 41. Bd3 Rc3 42. Kd4 Bf3 43. Ra1 Rc7 44. Ra6 Rd7+ 45. Ke3 Bd5 46. Bf5 Rc7
47. Kd4 Bf7 48. Rb1 Rc4+ 49. Ke5 Nxg4+ 50. Bxg4 Rxg4 51. Rf1 Bc4 52. Ra7+ Kg6
53. Rf6+ Kh5 54. Rh7 Rg1 55. Rfxh6+ Kg4 56. Rb6 b3 57. Rb4 Re1+ 58. Kf6 Re6+
59. Kg7 Re4 60. Kf6 Rf4+ 61. Ke5 Kf3 62. Rh3+ Kg4 63. Rh1 Bf7 64. Rg1+ Kf3 65.
Rf1+ Ke3 66. Rfxf4 gxf4 67. Rxf4 Bg6 68. Rb4 Bc2 69. Rxb3+ Bxb3 1/2-1/2

[Event "SWE-chB"]
[Site "Sunne"]
[Date "2015.07.13"]
[Round "3"]
[White "Wiedenkeller, Michael"]
[Black "Frisk, Ellinor"]
[Result "1-0"]
[WhiteElo "2461"]
[BlackElo "2232"]
[PlyCount "79"]
[EventDate "2015.07.11"]
[EventType "tourn"]
[EventRounds "9"]
[EventCountry "SWE"]
[EventCategory "3"]
[SourceTitle "CBM 167 Extra"]
[Source "ChessBase"]
[SourceDate "2015.09.14"]
[SourceVersion "1"]
[SourceVersionDate "2015.09.14"]
[SourceQuality "1"]
1. c4 c5 2. g3 Nf6 3. Bg2 Nc6 4. Nc3 d6 5. Nf3 e5 6. d3 Be7 7. a3 O-O 8. Rb1 a5
9. O-O h6 10. Ne1 Be6 11. Nc2 d5 12. cxd5 Nxd5 13. Ne3 Nxe3 14. Bxe3 Rc8 15.
Ne4 b6 16. Qa4 Qd7 17. Nc3 Rfd8 18. Qb5 Nd4 19. Qxb6 a4 20. Rfc1 Bb3 21. Kf1
Rb8 22. Qa6 Rdc8 23. Ne4 Ba2 24. Nd2 Bxb1 25. Rxb1 Bg5 26. Bxg5 hxg5 27. Nc4
Qg4 28. Re1 Nc2 29. Rc1 Nd4 30. Re1 Nc2 31. h3 Qh5 32. Rc1 Nd4 33. g4 Qh6 34.
Qxa4 Qe6 35. e3 Nb5 36. Qc2 Nd6 37. Rb1 Rb5 38. Qc3 f6 39. Nxd6 Qxd6 40. Qc4+
1-0